00354nam a2200133Ia 4500008004100000020001500041041001200056082001600068100001700084245007000101260002000171300000800191650002100199221030s9999 xx 000 0 und d a8172730012 aEnglish a105.23bPan aS. K. Pandey 0aCommunication Network Mangement ( DEPARTMENTAL )cby S. K. Pandey aNew Delhic1999 a287 aCSE Departmental